|
|
|
|
| LEADER |
00000cam a22000004a 4500 |
| 001 |
musev2_9975 |
| 003 |
MdBmJHUP |
| 005 |
20230905041136.0 |
| 006 |
m o d |
| 007 |
cr||||||||nn|n |
| 008 |
081021s2009 msu o 00 0 eng d |
| 010 |
|
|
|z 2008045576
|
| 020 |
|
|
|a 9781604733525
|
| 020 |
|
|
|z 1604733527
|
| 020 |
|
|
|z 9781604732337
|
| 020 |
|
|
|z 1604732334
|
| 035 |
|
|
|a (OCoLC)472608823
|
| 040 |
|
|
|a MdBmJHUP
|c MdBmJHUP
|
| 043 |
|
|
|a n------
|a s------
|
| 050 |
0 |
4 |
|a PR9205.05
|b .M33 2009
|
| 082 |
0 |
|
|a 810.9/8960729
|2 22
|
| 100 |
1 |
|
|a M'Baye, Babacar,
|d 1967-
|
| 245 |
1 |
4 |
|a The Trickster Comes West :
|b Pan-African Influence in Early Black Diasporan Narratives /
|c Babacar M'Baye.
|
| 264 |
|
1 |
|a Jackson :
|b University Press of Mississippi,
|c 2009.
|
| 264 |
|
3 |
|a Baltimore, Md. :
|b Project MUSE,
|c 2012
|
| 264 |
|
4 |
|c ©2009.
|
| 300 |
|
|
|a 1 online resource (272 pages).
|
| 336 |
|
|
|a text
|b txt
|2 rdacontent
|
| 337 |
|
|
|a computer
|b c
|2 rdamedia
|
| 338 |
|
|
|a online resource
|b cr
|2 rdacarrier
|
| 504 |
|
|
|a Includes bibliographical references (p. 219-240) and index.
|
| 505 |
0 |
|
|a African and Puritan dimensions of Phillis Wheatley's poems and letters -- Pan-Africanism in Quobna Ottobah Cugoano's liberation discourse -- Pan-Africanism in Olaudah Equiano's interesting narrative -- Africanism and Methodism in the works of Elizabeth Hart Thwaites and Anne Hart Gilbert -- African and Caribbean patterns in Mary Prince's resistance.
|
| 588 |
|
|
|a Description based on print version record.
|
| 650 |
|
0 |
|a Slavery in literature.
|
| 650 |
|
0 |
|a African diaspora in literature.
|
| 650 |
|
0 |
|a Tricksters in literature.
|
| 650 |
|
0 |
|a Slave narratives
|x History and criticism.
|
| 650 |
|
0 |
|a Pan-Africanism in literature.
|
| 650 |
|
0 |
|a Blacks
|x Race identity
|z America.
|
| 650 |
|
0 |
|a American literature
|x African American authors
|x History and criticism.
|
| 650 |
|
0 |
|a Caribbean literature (English)
|x Black authors
|x History and criticism.
|
| 651 |
|
0 |
|a America
|x Civilization
|x African influences.
|
| 655 |
|
7 |
|a Electronic books.
|2 local
|
| 710 |
2 |
|
|a Project Muse.
|e distributor
|
| 830 |
|
0 |
|a Book collections on Project MUSE.
|
| 856 |
4 |
0 |
|z Texto completo
|u https://projectmuse.uam.elogim.com/book/9975/
|
| 945 |
|
|
|a Project MUSE - Custom Collection
|
| 945 |
|
|
|a Project MUSE - Archive Complete Foundation
|
| 945 |
|
|
|a Project MUSE - Archive Literature Foundation
|